MARC

LEADER 00000nam0a2200000 4500
001 38211
005 20231031005207.0
035 |a (RuTPU)RU\TPU\book\38894 
090 |a 38211 
100 |a 20020226d1973 km y0rusy50 ca 
101 0 |a rus 
102 |a RU 
105 |a a z 001zy 
200 1 |a Импульсные и цифровые устройства  |f Я. С. Ицхоки, Н. И. Овчинников 
210 |a Москва  |c Советское радио  |d 1973 
215 |a 591 с.  |c ил 
320 |a Библиогр.: с. 573-583. 
320 |a Предм. указ.: с. 584-586. 
610 1 |a радиотехника 
610 1 |a импульсные устройства 
610 1 |a цифровые устройства 
610 1 |a импульсы 
610 1 |a электронные ключи 
610 1 |a мультивибраторы 
610 1 |a блокинг-генераторы 
610 1 |a триггеры 
610 1 |a логические схемы 
610 1 |a сигналы 
610 1 |a кодирование 
610 1 |a селекция 
610 1 |a композиция 
675 |a 621.374  |v 3 
700 1 |a Ицхоки  |b Я. С.  |g Яков Семенович 
701 1 |a Овчинников  |b Н. И.  |g Николай Иванович 
801 1 |a RU  |b 63413507  |c 20020226  |g PSBO 
801 2 |a RU  |b 63413507  |c 20210811  |g PSBO 
942 |c BK